000 01722nam a2200253 i 4500
003 DO-SdBNP
005 20240703090448.0
007 ta
008 240701e2004 dr ||||| |||| 00| 0 spa d
020 _a996894243X
040 _aDO-SdBNP
_bspa
_cBNPHU
_erda
082 4 _222
_bF954p
100 1 _aFuenmayor Espina, Alejandro
_eautor
_985927
245 1 0 _aLas garantías y procedimientos internacionales del derecho a la información en el pacto de San José:
_banálisis jurídico y político de los artículos 13º y 14º de la convención americana sobre derechos humanos /
_cAlejandro Fuenmayor Espina; prólogo, Alejandro Alfonso
264 1 _aSan José, Costa Rica :
_bUnesco,
_c2004
300 _a72 páginas ;
_c21 cm.
336 _2rdacontent
_atexto
_btxt
337 _2rdamedia
_asin mediación
_bn
338 _2rdacarrier
_avolumen
_bnc
505 _aI. Prólogo.
_tII. Introducción.--
_tIII. Vínculo Jurídico entre el Pacto y los países latinoamericanos miembros que le han reconocido competencia a la corte o a la comisión.--
_tIV. Rango constitucional y de aplicación preferente del pacto en el derecho interno de algunos países miembros.--
_tV. Análisis jurídico de los Artículos 13º y 14º.--
_tVI. Los órganos de protección internacional de la Convención Americana sobre Derechos Humanos.--
_tVII. La Comisión Interamericana de Derechos Humanos.--
_tVIII. La Corte Interamericana de Derechos Humanos.--
_tIX. Conclusiones.--
_tX. Anexos: I. Declaración de Principios sobre Libertad de Expresión. II. Síntesis sobre la Jurisprudencia Interamericana en Materia de Libertad de Expresión.--
590 _aInventariado 2024 / MF
700 1 _aAlfonso, Alejandro,
_eprólogo
_985935
942 _2ddc
_cLBS1
999 _c57104
_d57104